[Event "Dortmund"]
[Site "Dortmund"]
[Date "1984.??.??"]
[Round "4"]
[White "Suba, Mihai"]
[Black "Lobron, Eric"]
[Result "1-0"]
[WhiteElo "2445"]
[BlackElo "2495"]

1.c4 e6 2.g3 Nf6 3.Bg2 d5 4.Nf3 Be7 5.O-O O-O 6.d4 dxc4 7.Qc2 a6 8.Qxc4 b5
9.Qc2 Bb7 10.Bd2 Be4 11.Qc1 Nc6 12.Be3 Rc8 13.Rd1 Nb4 14.Nbd2 Bc2 15.Rf1 Bf5
16.Ne1 Ng4 17.Nb3 Nxe3 18.Qxe3 c6 19.Nc5 Bg6 20.a3 Nd5 21.Qc1 Nb6 22.Nf3 Bxc5
23.dxc5 Nd5 24.Rd1 Qc7 25.b4 a5 26.Qb2 Ra8 27.Ne5 Ra6 28.Qd4 Rfa8 29.e4 Nf6
30.Rac1 axb4 31.axb4 h6 32.Qd6 Qc8 33.Nxg6 fxg6 34.Bh3 Kf7 35.e5 Nd5 36.Rd3 Ne7
37.Rf3+ Nf5 38.g4 Ra3 39.Qd1 Rxf3 40.Qxf3 Qd8 41.Rd1 Ra3 42.Rxd8 Rxf3 43.Bg2 Nh4
44.Bxf3 Nxf3+ 45.Kg2 Nxe5 46.Rd6 g5 47.h3 g6 48.Kf1 h5 49.Ke2 Ke7 50.f3 h4
51.Kf2 Kf6 52.Ke3 Ke7 53.Ke4 Kf6 54.Rd8 Nc4 55.Rd7 Na3 56.Kd3 Nc4  1-0